000 00711pam a2200241 a 4500
001 688517
005 20250324194942.0
008 960305s1997 nyua b 001 0 eng
020 _a0673524906 (student ed.)
020 _a0673524914 (instructor's ed.)
020 _a9780673524904
050 0 0 _aLB2395.3
_b.M386 1996
082 0 0 _a428.4/071/1
_220
100 1 _aMcWhorter, Kathleen T.
245 1 0 _aGuide to college reading /
_cKathleen T. McWhorter.
250 _a4th ed.
260 _aNew York :
_bLongman,
_cc1997.
300 _axx, 550 p. :
_bill. ;
_c24 cm.
650 0 _aReading (Higher education)
650 0 _aDevelopmental reading.
650 0 _aCollege readers.
942 _2lcc
_cBK
_e4th Ed.
_n0
999 _c5155
_d5155